Introduction on misconducts of employees and the right procedure to punish (Record no. 5663)

MARC details
000 -LEADER
fixed length control field 00515cam a2200169ua 4500
008 - FIXED-LENGTH DATA ELEMENTS--GENERAL INFORMATION
fixed length control field 131216n ii |||gr||||Z||||||eng
040 ## - CATALOGING SOURCE
Transcribing agency MAIN
082 ## - DEWEY DECIMAL CLASSIFICATION NUMBER
Classification number 658
245 11 - TITLE STATEMENT
Title Introduction on misconducts of employees and the right procedure to punish
Statement of responsibility, etc. By Y.P. Mehta
260 ## - PUBLICATION, DISTRIBUTION, ETC.
Place of publication, distribution, etc. New delhi:
Name of publisher, distributor, etc. New law traders,
Date of publication, distribution, etc. 1998.
300 ## - PHYSICAL DESCRIPTION
Extent x,64p.
700 1# - ADDED ENTRY--PERSONAL NAME
Personal name Mehta,Y.P.,
Relator term
942 ## - ADDED ENTRY ELEMENTS (KOHA)
Koha item type Books
653 ## - INDEX TERM--UNCONTROLLED
Uncontrolled term Commerce
653 ## - INDEX TERM--UNCONTROLLED
Uncontrolled term Introduction on misconducts of employees and the right procedure to punish
Holdings
Withdrawn status Lost status Damaged status Not for loan Home library Current library Shelving location Date acquired Total Checkouts Full call number Barcode Date last seen Copy number Price effective from Koha item type
        Naharkatiya College Library Naharkatiya College Library General Stacks 19/09/2020   658 | MEH 1604 19/09/2020 1 19/09/2020 Books

Naharkatiya College © 2020. All rights reserved.

Powered By